Glee Actors/Actresses - Statistics

General Stats
  • This quiz has been taken 2,228 times
  • The average score is 12 of 15
Answer Stats
Hint Answer % Correct
Rachel Berry Lea Michele
94%
Santana Lopez Naya Rivera
94%
Kurt Hummel Chris Colfer
90%
Sam Evans Chord Overstreet
87%
Sue Sylvester Jane Lynch
87%
Brittany S. Pierce Heather Morris
86%
Mercedes Jones Amber Riley
84%
Will Schuester Matthew Morrison
83%
Blaine Anderson Darren Criss
81%
Quinn Fabray Dianna Agron
78%
Tina Cohen-Chang Jenna Ushkowitz
67%
Mike Chang Harry Shum, Jr.
65%
Cassandra July Kate Hudson
63%
Kitty Wilde Becca Tobin
57%
Emma Pillsbury Jayma Mays
55%
No matching quizzes found
Score Distribution
Percent of People with Each Score
Percentile by Number Answered
Your Score History
You have not taken this quiz